[Event "Chinese-ch Men 2020"]
[Site "Xinghua"]
[Date "2020.12.30"]
[Round "11.4"]
[White "Zhang, Rui"]
[Black "Wei, Yi"]
[Result "0-1"]
[WhiteElo "1658"]
[BlackElo "2732"]
[Annotator "TA"]
[PlyCount "110"]
[EventDate "2020.12.19"]
[EventType "tourn"]
[EventCountry "CHN"]
[SourceTitle "playchess.com"]
[Source "ChessBase"]
[SourceQuality "1"]

{[%evp 11,110,45,33,3,5,0,0,0,8,-12,-25,-50,-50,-50,-50,-50,-45,-42,-34,-34,-19,-37,-41,-46,-41,-50,-37,-54,-53,-53,-53,-55,-58,-70,-65,-83,-83,-83,-77,-83,-82,-82,-82,-85,-87,-87,-81,-86,-80,-80,-77,-88,-76,-83,-84,-83,-72,-83,-43,-45,-38,-38,-34,-44,-54,-207,-214,-220,-228,-225,-211,-516,-516,-514,-501,-516,-516,-508,-487,-453,-413,-920,-801,-4124,-3721,-3029,-2445,-29970,-29968,-29975,-29973,-29971,-29962,-29984,-29985,-29985,-29986,-29986,-29987,-29988,-29989]} 1. e4 Nf6 2. e5 Nd5 3. d4 d6 4. Nf3 g6 5. Bc4 Nb6 6. Bb3 Bg7 7. Bf4 {7.Qe2 is the modern continuation. B04: Alekhine's Defence: 4 Nf3.} Nc6 8. O-O O-O 9. c3 {The position is equal.} Bg4 10. h3 (10. exd6 {seems wilder.} exd6 11. h3 Qf6 12. hxg4 Qxf4 13. g5) 10... dxe5 {White must now prevent ...Bxf3.} 11. dxe5 Qxd1 12. Bxd1 {[#]} Bxf3 $146 ({Predecessor:} 12... Bf5 13. Na3 Nd7 14. Re1 Nc5 15. g4 Nd3 16. gxf5 Nxf4 17. Re4 Nd3 18. e6 fxe6 19. fxg6 Nxb2 20. gxh7+ {0-1 (38) Szell,L (2365)-Fahrner,K Berlin West 1987}) 13. Bxf3 Nc4 14. Na3 N4xe5 ({Much weaker is} 14... Bxe5 $6 15. Bh6 $14) 15. Bxc6 bxc6 16. Bxe5 Bxe5 17. Nc4 Bd6 18. b4 Rfb8 19. Rfe1 Kf8 20. Rad1 Rb5 21. g3 Rd5 22. Kg2 Ke8 23. Na5 Rxd1 24. Rxd1 $17 {[%mdl 4096] Endgame [#] KRB-KRN} c5 $1 25. Nc6 Kd7 26. Ne5+ Ke6 27. Nc6 cxb4 28. cxb4 f6 29. a3 Kd7 30. Rc1 e5 31. Kf3 f5 32. Rc3 Ke6 33. Ke2 Kd5 34. Na5 Rb8 35. Rd3+ $1 Ke6 36. Nc6 Rb6 37. Nxa7 Kd7 {And now ...Rb7 would win.} 38. b5 $2 {[#] Now White is beyond hope.} ({White must play} 38. Rc3 $1 $15) 38... Rb7 $1 $19 {[%cal Rb7a7]} 39. Nc6 {Threatens to win with Nxe5+.} Rxb5 40. Nb4 e4 41. Rd5 (41. Rd2 {is tougher.}) 41... Rxd5 42. Nxd5 Bxa3 {KB-KN} 43. f3 exf3+ 44. Kxf3 Bd6 45. g4 Ke6 46. Ne3 (46. Nc3 $142) 46... f4 47. Nc2 Kd5 48. h4 c5 49. h5 c4 {Black mates.} 50. hxg6 hxg6 51. Ne1 Kd4 52. Nc2+ Kd3 53. Ne1+ Kd2 54. Kf2 c3 55. Nf3+ Kd1 {Weighted Error Value: White=0.60/Black=0.03} 0-1

[Event "Chinese-ch Men 2020"]
[Site "Xinghua"]
[Date "2020.12.30"]
[Round "11.5"]
[White "Ju, Wenjun"]
[Black "Bai, Jinshi"]
[Result "1/2-1/2"]
[WhiteElo "2560"]
[BlackElo "2618"]
[Annotator "TA"]
[PlyCount "55"]
[EventDate "2020.12.19"]
[EventType "tourn"]
[EventCountry "CHN"]
[SourceTitle "playchess.com"]
[Source "ChessBase"]
[SourceQuality "1"]

{[%evp 22,55,16,23,31,6,14,0,3,0,7,5,11,8,8,0,7,0,0,0,0,0,0,0,0,0,0,0,0,0,0,0,0,0,0,0]} 1. d4 d5 2. c4 c6 3. cxd5 cxd5 4. Nc3 Nf6 5. Bf4 e6 6. e3 Bd6 7. Bxd6 Qxd6 8. Bd3 O-O 9. Nf3 Nc6 10. O-O Bd7 11. Rc1 Rac8 12. a3 a6 {D13: Slav Defence: Exchange variation without ...Bf5.} 13. h3 Rc7 {[#] The position is equal.} 14. e4 $146 ({Predecessor:} 14. Qe2 Rfc8 15. Rc2 h6 16. Rfc1 Na5 17. e4 dxe4 18. Nxe4 Nxe4 19. Qxe4 f5 20. Qe1 Rxc2 21. Rxc2 Rxc2 22. Bxc2 {½-½ (35) Belov,V (2619)-Matlakov,M (2600) Dagomys 2010}) 14... dxe4 15. Nxe4 Nxe4 16. Bxe4 h6 17. d5 exd5 18. Bxd5 Be6 19. Bxc6 Rxc6 20. Rxc6 Qxc6 21. Nd4 Qb6 {[#] ...Rd8 is the strong threat.} 22. Nxe6 Qxe6 $11 {[%mdl 4096] Endgame KQR-KQR} 23. Re1 Qb6 24. Qc2 Qd6 25. Qd1 Qb6 26. Qc2 Qd6 27. Qd1 Qb6 28. Qc2 {A rather calm draw.  Weighted Error Value: White=0.04/Black=0.01} 1/2-1/2

[Event "Chinese-ch Men 2020"]
[Site "Xinghua"]
[Date "2020.12.30"]
[Round "11.6"]
[White "Huang, Renjie"]
[Black "Lin, Yi"]
[Result "1/2-1/2"]
[WhiteElo "2422"]
[BlackElo "2408"]
[Annotator "TA"]
[PlyCount "81"]
[EventDate "2020.12.19"]
[EventType "tourn"]
[EventCountry "CHN"]
[SourceTitle "playchess.com"]
[Source "ChessBase"]
[SourceQuality "1"]

{[%evp 18,60,14,21,19,23,24,22,22,14,12,8,6,7,7,7,7,6,7,8,8,0,0,0,18,4,4,0,0,0,0,0,0,0,0,0,0,0,0,0,0,0,0,0,0]} 1. e4 e5 2. Nf3 Nc6 3. Bb5 Nf6 4. O-O Nxe4 5. Re1 Nd6 6. Nxe5 Be7 7. Bf1 Nxe5 8. Rxe5 O-O 9. d4 Bf6 10. Re1 Re8 $1 {10...Re8 is better than 10...Nf5. C67: Ruy Lopez: Berlin Defence: 4 0-0 Nxe4.} 11. Bf4 Rxe1 12. Qxe1 Ne8 {The position is equal.} 13. c3 d5 14. Bd3 g6 15. Nd2 {[%cal Bb1d2,Bd2f3,Bf3e5][%mdl 32]} Ng7 16. Qe2 c6 17. Re1 Bf5 18. Bxf5 Nxf5 19. Nf3 Ng7 20. Be5 Ne6 21. Bxf6 Qxf6 22. Ne5 Re8 23. Ng4 Qd8 24. Qe5 {Black must now prevent Nf6+.} Ng7 25. Qxe8+ {[%mdl 64] [#] Decoy} ({Not} 25. Nh6+ $2 Kf8 $19) 25... Nxe8 26. Rxe8+ {[%mdl 64] Remove Defender} Qxe8 {[%cal Re8e1]} 27. Nf6+ {[%mdl 64] Double Attack} Kf8 {[%cal Re8e1]} 28. Nxe8 Kxe8 29. Kf1 Ke7 30. Ke2 Ke6 {[#] A rather calm draw.  Weighted Error Value: White=0.02/Black=0.01} {Predecessor:} 31. Ke3 $146 f5 32. f4 Kd6 33. h4 h5 34. Kd3 b5 35. b4 a6 36. a3 Ke6 37. g3 Kd7 38. Ke3 Ke6 39. Kd3 Kd7 40. Ke3 Ke6 41. Kd3 {½-½ (41) Wei,Y (2732)-Wang,H (2763) Chess.com INT 2020} 1/2-1/2